| 000 | 01809nam a2200205 a 4500 | ||
|---|---|---|---|
| 001 | 000038405 | ||
| 005 | 20250204085707.0 | ||
| 008 | 130410s2009 dr abd 000 0 spa d | ||
| 020 | _a9789993499695 | ||
| 040 |
_aDO-SdBNP _bspa _cBNPHU |
||
| 041 | 1 | 7 |
_aspa _beng |
| 110 | 1 |
_aRepública Dominicana. _b Secretaría de Estado de Medio Ambiente y Recursos Naturales _914503 |
|
| 245 | 1 | 0 |
_aNational implementation plan for the Stockholm convention in the Dominican Republic. / : _bPlan nacional de la República Dominicana para la implementación del convenio de Estocolmo sobre contaminantes orgánicos persistentes / _cpresentación Jaime David Fernández Mirabal. |
| 246 | 1 | 0 | _aPlan nacional de la República Dominicana para la implementación del convenio de Estocolmo sobre contaminantes orgánicos persistentes |
| 260 |
_aSanto Domingo : _bSecretaría de Estado de Medio Ambiente y Recursos Naturales, _c2009. |
||
| 300 |
_a171, 177 p. : _bil., gráf. ; _c29 cm. |
||
| 505 | 0 |
_tPresentación -- _tAcrónimos -- _tResumen ejecutivo -- _tIntroducción -- _tLínea -base de la República Dominicana -- _tPerfil de país -- _tMarco institucional, política y regulaciones -- _tDiagnostico de los COP's y de la infraestructura existente en el país, para su gestión -- _tEstrategia y planes de acción -- _tDeclaración política -- _tImplementación de la estrategia -- _tActividades del plan nacional de implementación -- _tResumen de las actividades de desarrollo y de construcción de capacidades -- _tCronograma general de implementación PNI y factores de éxito -- _tResumen de los costos y el financiamiento requerido para implementar el PNI -- _tBibliografía consultada -- |
|
| 563 | _aDos obras con paginación independiente en encuadernación invertida. | ||
| 700 | 1 |
_aFernández Mirabal, Jaime David _d1956- _920967 |
|
| 999 |
_c37895 _d37895 |
||